Loading...

Banking with Technology

Bibliographic Details
Main Author: Uppal, R K
Format: Printed Book
Language:Undetermined
English
Published: New Delhi New Century Publications 2008
Subjects:
LEADER 00542nam a2200181Ia 4500
008 140306s9999 xx 000 0 und d
020 |a 9788177081510 
041 |a eng 
082 |a 332.1  |b UPP/BA 
100 |a Uppal, R K 
245 |a Banking with Technology 
260 |a New Delhi  |b New Century Publications  |c 2008 
300 |a 218 
365 |b Rs.525 
650 |a E-Banking 
942 |2 ddc  |c BK 
999 |c 186283  |d 186283 
952 |0 0  |1 0  |2 ddc  |4 0  |6 332_100000000000000_UPP_BA  |7 0  |9 192254  |a KAUCBV  |b KAUCBV  |g 525.00  |o 332.1 UPP/BA  |r 2014-03-22  |w 2014-03-22  |y BK